Approaches, foundations, issues, and models of interfaith relations / (Record no. 1156)
[ view plain ]
| 000 -LEADER | |
|---|---|
| fixed length control field | 01505cam a2200373 a 4500 |
| 001 - CONTROL NUMBER | |
| control field | 12647601 |
| 003 - CONTROL NUMBER IDENTIFIER | |
| control field | GBCCL |
| 005 - DATE AND TIME OF LATEST TRANSACTION | |
| control field | 20241126110354.0 |
| 008 - FIXED-LENGTH DATA ELEMENTS--GENERAL INFORMATION | |
| fixed length control field | 800117s2001 ii b 000 0 eng |
| 010 ## - | |
| -- | 2001416415 |
| 020 ## - INTERNATIONAL STANDARD BOOK NUMBER | |
| International Standard Book Number | 8172146213 |
| 025 ## - OVERSEAS ACQUISITION NUMBER | |
| Overseas acquisition number | I-E-2001-416415; 13; 05 |
| 035 ## - SYSTEM CONTROL NUMBER | |
| System control number | (DLC) 2001416415 |
| 037 ## - SOURCE OF ACQUISITION | |
| Source of stock number/acquisition | Library of Congress -- New Delhi Overseas Office |
| Terms of availability | Rs200.00 |
| 040 ## - CATALOGING SOURCE | |
| Original cataloging agency | DLC |
| Transcribing agency | DLC |
| 042 ## - | |
| -- | lcode |
| 050 00 - | |
| -- | BP172 |
| -- | .A62 2001 |
| 082 ## - DEWEY DECIMAL CLASSIFICATION NUMBER | |
| Classification number | 261.27 |
| Item number | APP |
| 245 00 - TITLE STATEMENT | |
| Title | Approaches, foundations, issues, and models of interfaith relations / |
| Statement of responsibility, etc. | edited by David Emmanuel Singh, Robert Edwin Schick. |
| 260 ## - PUBLICATION, DISTRIBUTION, ETC. | |
| Place of publication, distribution, etc. | Delhi : |
| Name of publisher, distributor, etc. | Jointly published by Indian Society for Promoting Christian Knowledge and Henry Martin Institute of Islamic Studies, Hyderabad, |
| Date of publication, distribution, etc. | 2001. |
| 300 ## - PHYSICAL DESCRIPTION | |
| Extent | 499 p. ; |
| Dimensions | 23 cm. |
| 504 ## - BIBLIOGRAPHY, ETC. NOTE | |
| Bibliography, etc. note | Includes bibliographical references. |
| 520 ## - SUMMARY, ETC. | |
| Summary, etc. | Articles previously published in Journal of the Henry Martyn Institute; chiefly on Muslim-Christian relations. |
| 650 #0 - SUBJECT ADDED ENTRY--TOPICAL TERM | |
| Topical term or geographic name entry element | Islam |
| General subdivision | Relations |
| -- | Christianity. |
| 9 (RLIN) | 1067 |
| 650 #0 - SUBJECT ADDED ENTRY--TOPICAL TERM | |
| Topical term or geographic name entry element | Christianity and other religions |
| General subdivision | Islam. |
| 9 (RLIN) | 1068 |
| 700 1# - ADDED ENTRY--PERSONAL NAME | |
| Personal name | Singh, David Emmanuel. |
| 9 (RLIN) | 2086 |
| 700 1# - ADDED ENTRY--PERSONAL NAME | |
| Personal name | Schick, Robert, |
| Dates associated with a name | 1957- |
| 9 (RLIN) | 2087 |
| 710 2# - ADDED ENTRY--CORPORATE NAME | |
| Corporate name or jurisdiction name as entry element | I.S.P.C.K. (Organization) |
| 9 (RLIN) | 393 |
| 710 2# - ADDED ENTRY--CORPORATE NAME | |
| Corporate name or jurisdiction name as entry element | Henry Martyn Institute of Islamic Studies. |
| 9 (RLIN) | 2088 |
| 730 0# - | |
| -- | Journal of the Henry Martyn Institute. |
| -- | 2089 |
| 906 ## - LOCAL DATA ELEMENT F, LDF (RLIN) | |
| a | 7 |
| b | cbc |
| c | origode |
| d | 3 |
| e | ncip |
| f | 20 |
| g | y-gencatlg |
| 942 ## - ADDED ENTRY ELEMENTS (KOHA) | |
| Source of classification or shelving scheme | Dewey Decimal Classification |
| Koha item type | Books |
| Koha issues (borrowed), all copies | 1 |
| Withdrawn status | Lost status | Source of classification or shelving scheme | Damaged status | Not for loan | Home library | Current Library | Shelving location | Date acquired | Total checkouts | Full call number | Barcode | Date last seen | Date last checked out | Copy number | Price effective from | Koha item type |
|---|---|---|---|---|---|---|---|---|---|---|---|---|---|---|---|---|
| Dewey Decimal Classification | GRACE BIBLE COLLEGE | GRACE BIBLE COLLEGE | Ministry & Mission | 2017-04-18 | 2 | 261.27 APP | 006778 | 2025-05-01 | 2025-02-25 | c.1 | 2017-04-18 | Books |